Music Quiz

Random Music or Artist Quiz

What 90s Band Am I? Quiz Stats

 Plays Quiz Updated Mar 6, 2020

Support Sporcle.
Go Orange.
Score 0/16 Timer 05:00
1 Play Today
Clues I am... % Correct
I mix genres of funk, rock, and rap, my bassist is named after an insect, and I like to sing about California.Red Hot Chili Peppers
89%
I was the first band to...nevermind.Nirvana
86.2%
I made the chronic, I discovered artists like Eminem, and you can trust me, I'm a doctor.Dr. Dre
85.4%
I am a creep, I have three albums on Rolling Stone's Top 500 albums, and I say okay to computers.Radiohead
80.2%
I am not a tree but a shrub, my lead singer was married to the lead singer of No Doubt, and I think having a mechanical head is better than the rest.Bush
70.2%
My lead singer has the same last name as a biker and an astronaut, my first successful album had a cartoon album cover, and I welcomed people to paradise on two separate albums.Green Day
65.6%
Despite all my rage, I am not a grunge band. When I first started out my lead singer had hair, but not anymore. My most popular albums have titles about twins and sadness.Smashing Pumpkins
60.4%
I am fat and skinny at the same time and I am a funk soul brother.Fatboy Slim
59.8%
Clues I am... % Correct
My first album is named after the first two digit number, I got in a large dispute with Ticketmaster, and after 23 years I'm still alive.Pearl Jam
55.6%
I don't practice santeria, I have a dog in my band named Lou Dog, and I had three albums before my lead singer died of an overdose.Sublime
55.4%
My members have nicknames like 'Dexter' and 'Noodles', my symbol consists of a skull on fire, and all the girls say I'm pretty fly.The Offspring
55.2%
I had a feud with Weird Al, and I've been spending most of my life living in paradise.Coolio
49.1%
My birth name is James Todd Smith, I can't live without my radio, and the ladies love me. LL Cool J
37.3%
I wrote the South Park theme song, I have toured with Rush, U2, Anthrax, and Public Enemy, and I want to be a fisherman.Primus
33.7%
Three of my albums' titles contain my name, and precipitation is the only thing that lift my spirits.Garbage
23.3%
I have a lead singer with a very high voice, one of my most popular songs shares a name with me, and my most popular album had a picture of two girls with their heads on fire.Jane's Addiction
14.1%

From the Vault

Actors by Most AFI Top 100 Films

by geowiz85

Movies 10m
No one ever expects the AFI!
Remove Ads.
Support Sporcle.
Get the best of Sporcle when you Go Orange. This ad-free experience offers more features, more stats, and more fun while also helping to support Sporcle. Thank you for becoming a member.

Show Comments

Extras

Top Quizzes Today


Score Distribution

Your Account Isn't Verified!

In order to create a playlist on Sporcle, you need to verify the email address you used during registration. Go to your Sporcle Settings to finish the process.

Report this User

Report this user for behavior that violates our Community Guidelines.

Details: